00433nam a22001697a 450000500170000001000150001702000260003203500140005803700090007208200100008110000180009124500460010925000060015526000410016127000410020230000200024320260416112838.0 aENG-148265 a9789382632832c550.00 aEN-131797 bDBAD a230.2 aJyoti Prakash aReform Movements in India/cJyoti Prakash a1 aAllahbadbAprajita Publicationc2017 a5,Khusrobagh Road,bAllahbade211001 a136p.c21cm(Hb)